Súhrnné hospodárske výsledky a obstarané investície nefinančných a finančných organizácií v SR 1997

Saved in:
Bibliographic Details
Format: Book
Language:Slovak
English
Published: Bratislava Štatistický úrad Slovenskej republiky 1998
Series:Financie a investície
Subjects:
Tags: Add Tag
No Tags, Be the first to tag this record!

MARC

LEADER 00000nam a2200000 4500
001 c100788
005 20251009084448.6
041 0 |a slo 
041 0 |a eng 
044 |a SK 
245 1 0 |a Súhrnné hospodárske výsledky a obstarané investície nefinančných a finančných organizácií v SR 1997 
264 1 |a Bratislava  |b Štatistický úrad Slovenskej republiky  |c 1998 
300 |a 17, 45 s. 
490 1 |a Financie a investície 
830 0 |a Financie a investície 
610 2 0 |a výsledok hospodársky 
610 2 0 |a investície 
610 2 0 |a organizácie finančné 
610 2 0 |a organizácie nefinančné 
610 2 0 |a Slovensko